In the line of fire : a memoir (Record no. 68820)
[ view plain ]
| 000 -LEADER | |
|---|---|
| fixed length control field | 00469nam a22001817a 4500 |
| 003 - CONTROL NUMBER IDENTIFIER | |
| control field | NUST - PNEC |
| 005 - DATE AND TIME OF LATEST TRANSACTION | |
| control field | 20170116181103.0 |
| 008 - FIXED-LENGTH DATA ELEMENTS--GENERAL INFORMATION | |
| fixed length control field | 151003b xxu||||| |||| 00| 0 eng d |
| 020 ## - INTERNATIONAL STANDARD BOOK NUMBER | |
| International Standard Book Number | 9780743295826 |
| 020 ## - INTERNATIONAL STANDARD BOOK NUMBER | |
| International Standard Book Number | 07432958X |
| 040 ## - CATALOGING SOURCE | |
| Transcribing agency | LIBRARY |
| 082 ## - DEWEY DECIMAL CLASSIFICATION NUMBER | |
| Classification number | 954.91053 PER |
| 100 ## - MAIN ENTRY--PERSONAL NAME | |
| 9 (RLIN) | 12461 |
| Personal name | Musharraf, Pervez |
| 245 ## - TITLE STATEMENT | |
| Title | In the line of fire : a memoir |
| Statement of responsibility, etc. | Pervez Musharraf |
| 260 ## - PUBLICATION, DISTRIBUTION, ETC. | |
| Date of publication, distribution, etc. | c.2006 |
| 650 ## - SUBJECT ADDED ENTRY--TOPICAL TERM | |
| 9 (RLIN) | 12462 |
| Topical term or geographic name entry element | Presidents |
| Chronological subdivision | Biopgraphy |
| 942 ## - ADDED ENTRY ELEMENTS (KOHA) | |
| Source of classification or shelving scheme | |
| Koha item type | Book |
| Withdrawn status | Lost status | Source of classification or shelving scheme | Damaged status | Not for loan | Permanent Location | Current Location | Shelving location | Date acquired | Total Checkouts | Full call number | Barcode | Date last seen | Price effective from | Koha item type | Date last checked out |
|---|---|---|---|---|---|---|---|---|---|---|---|---|---|---|---|
| Pakistan Navy Engineering College (PNEC) | Pakistan Navy Engineering College (PNEC) | 954.91053 PER | PNECLIB-028044 | 10/03/2015 | Book | ||||||||||
| Pakistan Navy Engineering College (PNEC) | Pakistan Navy Engineering College (PNEC) | 4 | 954.91053 PER | PNECLIB-028786 | 06/03/2016 | Book | 03/14/2016 | ||||||||
| Pakistan Navy Engineering College (PNEC) | Pakistan Navy Engineering College (PNEC) | 2 | 954.91053 PER | PNECLIB-028062 | 06/17/2016 | Book | 06/17/2016 |
